Un día cada día o la próxima estación. Lecturas de transformación.
Gardado en:
| Autor Principal: | |
|---|---|
| Formato: | Libro |
| Idioma: | inglés |
| Publicado: |
Santiago, Chile:
RIL editores,
2005.
|
| Edición: | 1a. edición. |
| Subjects: | |
| Tags: |
Engadir etiqueta
Sen Etiquetas, Sexa o primeiro en etiquetar este rexistro!
|
MARC
| LEADER | 00000nam a22000007a 4500 | ||
|---|---|---|---|
| 003 | CL-VaPUC | ||
| 005 | 20240910105457.0 | ||
| 008 | 240822t ||||| |||| 00| 0 eng d | ||
| 999 | |c 444493 |d 444491 | ||
| 020 | |a 9562844390 | ||
| 040 | |c Pontificia Universidad Católica de Valparaíso | ||
| 082 | 7 | |a Ch863 ANW 2005 |2 22 | |
| 100 | |a Anwandter, Paul |e autor |9 532371 | ||
| 245 | |a Un día cada día o la próxima estación. |b Lecturas de transformación. | ||
| 250 | |a 1a. edición. | ||
| 260 | |a Santiago, Chile: |b RIL editores, |c 2005. | ||
| 300 | |a 282 páginas. | ||
| 500 | |a c.1 donación memo de Biblioteca de Educación 14 de agosto de 2024. | ||
| 583 | |c 20240822 |k Gabriela Rodríguez Cuevas | ||
| 650 | 0 | |9 308280 |a Cuentos chilenos |v Cuentos cortos | |
| 650 | 0 | |9 308278 |a Literatura chilena | |
| 942 | |2 ddc |c BK | ||
| 952 | |0 0 |1 0 |2 ddc |4 0 |6 863_000000000000000_ANW_2005 |7 0 |8 A |9 596355 |a BIBEDU |b BIBEDU |d 2024-08-22 |e Donación |i 5662462 |l 1 |o 863 ANW 2005 |p 5662462 |r 2024-09-24 |s 2024-09-24 |t 1 |w 2024-08-22 |y BK |k PSI | ||